<?xml version="1.0" encoding="UTF-8"?>
<marc:record xmlns:marc="http://www.loc.gov/MARC21/slim">
   <marc:leader>00000nam a2200000 a 4500</marc:leader>
   <marc:datafield ind1="1" ind2=" " tag="100">
      <marc:subfield code="a">Riordan, Rick</marc:subfield>
      <marc:subfield code="4">aut</marc:subfield>
      <marc:subfield code="e">Verfasser/-in</marc:subfield>
   </marc:datafield>
   <marc:datafield ind1=" " ind2=" " tag="653">
      <marc:subfield code="a">Antolin Jugendbuch</marc:subfield>
   </marc:datafield>
   <marc:datafield ind1="0" ind2="0" tag="245">
      <marc:subfield code="a">Die Abenteuer des Apollo 04</marc:subfield>
   </marc:datafield>
   <marc:datafield ind1="0" ind2="0" tag="245">
      <marc:subfield code="b">Die Gruft des Tyrannen</marc:subfield>
   </marc:datafield>
   <marc:datafield ind1=" " ind2="1" tag="264">
      <marc:subfield code="b">Ed. Comic Art im Carlsen-Verl.</marc:subfield>
      <marc:subfield code="c">2020</marc:subfield>
   </marc:datafield>
   <marc:datafield ind1="1" ind2=" " tag="520">
      <marc:subfield code="a">Spannung für alle Fans von Percy Jackson!  Noch immer darf Apollo nicht auf den Olymp zurückkehren! Denn noch immer warten zwei uralte Orakel, die er aus dem Zugriff des bösen Triumvirats aus römischen Kaisern befreien muss. Doch zunächst muss Apollo mit seinen neuen Freunden ins Camp Jupiter, um bei der Verteidigung des Camps zu helfen und das Weissagungshuhn Ella zu schützen. Und dann geht die Reise weiter, tief unter die Erde, direkt in die Gruft eines weiteren grausamen Kaisers à   »Riordan hat einmal mehr grandiose Helden erschaffen, die nicht nur die Herzen erklärter Fans im Sturm erobern werden.« (Börsenblatt)</marc:subfield>
   </marc:datafield>
   <marc:datafield ind1=" " ind2=" " tag="020">
      <marc:subfield code="a">9783551556912</marc:subfield>
      <marc:subfield code="9">9783551556912</marc:subfield>
   </marc:datafield>
</marc:record>
